• 首页
  • 本馆介绍
  • 公告通知
  • 最新文献
  • 馆藏检索
  • 电子资源
  • 读者导购
  • 参考咨询
  • 我的图书馆
  • 登录
  • 详细信息显示
  • 放入我的书架
  • 预约/预借图书
  • 作者相关作品
  • 分类相关作品
  • 丛书相关作品
  • 出版社相关作品

书目信息

  • 表格格式
  • 工作单格式
  • 卡片格式
题名:
企业保险
    
 
作者: ;孙立明 译 ;迪尔伯恩金融服务公司 主编
分册:  
出版信息: 北京   中国人民大学出版社  2005
页数:
开本: 26cm
丛书名:
单 册:
中图分类: F840.681
科图分类:
主题词: 保险
电子资源:
ISBN: 7-300-06878-2
000 00655nam0 2200205 450
001 0754114953
005 20070929150154.95
010    @a7-300-06878-2
100    @a20070929d km y0chiy0120 ea
101 0  @achi
200 1  @a企业保险@Aqi ye bao xian@f迪尔伯恩金融服务公司 主编@Fdi er bo en jin rong fu wu gong si zhu bian@g孙立明 译@Gsun li ming yi
205    @a7版
210    @a北京@c中国人民大学出版社@d2005
215    @d26cm
606 0  @a保险
690    @aF840.681@v3
702  0 @a孙立明@Asun li ming@4译
711 02 @a迪尔伯恩金融服务公司@Adi er bo en jin rong fu wu gong si@4主编
801  0 @aCN@bPFT@c20070929
905    @a213230@dF840.681@eh12=7@f1
    
    企业保险/迪尔伯恩金融服务公司 主编/孙立明 译.-7版.-北京:中国人民大学出版社,2005
    26cm
    
    
    ISBN 7-300-06878-2:
    
●
相关链接 在E读中查询图书 在五车中查询图书 在当当中查询图书 在豆瓣中查询图书


正题名:企业保险     索取号:F840.681/h12=7         预约/预借

序号 登录号 条形码 馆藏地/架位号 状态 备注
1 6002586   260025868   密集书库-化学系/ [索取号:F840.681/h12=7] 在馆    
唐山师范学院图书馆 欢迎您!
大连网信软件有限公司© 版权所有